|
|
|
|
| LEADER |
00000nas a2200000 a 4500 |
| 001 |
ssj0003952 |
| 003 |
WaSeSS |
| 005 |
20200512172242.0 |
| 006 |
m d |
| 007 |
cr n |
| 008 |
991215c19779999njumr pss 0 a0eng c |
| 010 |
|
|
|a 2003233237
|
| 022 |
|
|
|a 1879-114X
|l 0149-2918
|y 0149-2918
|
| 035 |
|
|
|a (WaSeSS)ssj0003952
|
| 040 |
|
|
|a IUA
|b eng
|c IUA
|d OH1
|d OCLCQ
|d GUA
|d OCLCQ
|d VRC
|d U9S
|d GUA
|d OCLCQ
|d OPELS
|d OCLCF
|d OCLCO
|d VT2
|d OCLCQ
|d AUD
|d WaSeSS
|
| 042 |
|
|
|a pcc
|
| 050 |
1 |
4 |
|a RM260
|
| 060 |
0 |
0 |
|a W1
|b CL796I
|
| 082 |
0 |
4 |
|a 615.5/8
|2 23
|
| 130 |
0 |
|
|a Clinical therapeutics (Online)
|
| 210 |
0 |
|
|a Clin. ther.
|b (Online)
|
| 222 |
|
0 |
|a Clinical therapeutics
|b (Online)
|
| 245 |
1 |
0 |
|a Clinical therapeutics
|h [electronic resource].
|
| 260 |
|
|
|a [Princeton, N.J.] :
|b Excerpta Medica
|
| 310 |
|
|
|a Monthly,
|b 1999-
|
| 321 |
|
|
|a Bimonthly,
|b <1995>-1998
|
| 362 |
1 |
|
|a Print began with vol. 1 (1977).
|
| 500 |
|
|
|a "The international peer-reviewed journal of drug therapy."
|
| 506 |
|
|
|a License restrictions may limit access.
|
| 525 |
|
|
|a Supplements accompany some issues.
|
| 588 |
|
|
|a Description based on: Vol. 17, issue 1 (Jan./Feb. 1995); title from contents screen (ScienceDirect, viewed Oct. 28, 2003).
|
| 588 |
|
|
|a Latest issue consulted: Vol. 25, issue 8 (Aug. 2003), viewed Oct. 28, 2003.
|
| 650 |
|
0 |
|a Chemotherapy
|v Periodicals.
|
| 650 |
|
6 |
|a Chimiothérapie
|x Périodiques.
|
| 650 |
|
7 |
|a Chemotherapy.
|2 fast
|0 (OCoLC)fst00853595
|
| 655 |
|
0 |
|a Electronic journals.
|
| 776 |
0 |
8 |
|i Print version:
|t Clinical therapeutics
|x 0149-2918
|w (DLC) 78645198
|w (OCoLC)3313358
|
| 856 |
4 |
0 |
|z Full text available from Research Library: 05/01/2002 to 2 months ago
|u https://search.proquest.com/publication/1226358
|